000 00286 a2200097 4500
082 _a624.17 KIN
100 _akinney,J.Sterling
245 _aIndeterminate Structural Analysis
_cJ.Sterling Kinney
260 _aNew Delhi :
_cOxford & IBH Pub,
_b1957.
300 _a655p. :
_bill . ;
_c20 cm
650 _astructural analysis
999 _c1201
_d1201